Central Library OPAC University of Rajshahi

Railways and geography / (Record no. 53122)

MARC details
000 -LEADER
fixed length control field 00879nam a2200289 4500
001 - CONTROL NUMBER
control field 53122
003 - CONTROL NUMBER IDENTIFIER
rucl marc code BD-RjUL
005 - DATE AND TIME OF LATEST TRANSACTION
control field 20211209075919.0
008 - FIXED-LENGTH DATA ELEMENTS--GENERAL INFORMATION
fixed length control field 161003r19711956enkaa b 001 0 eng
020 ## - INTERNATIONAL STANDARD BOOK NUMBER
International Standard Book Number 0091068010
International Standard Book Number 0091068002
035 ## - SYSTEM CONTROL NUMBER
System control number (BD-RjUL)53242
040 ## - CATALOGING SOURCE
Original cataloging agency DLC
Transcribing agency DLC
Modifying agency BD-RjUL
Language of cataloging eng
041 ## - LANGUAGE CODE
Language code of text/sound track or separate title eng
082 00 - DEWEY DECIMAL CLASSIFICATION NUMBER
Classification number 385
Edition number 23
Author mark and year ODR 1971
100 1# - MAIN ENTRY--PERSONAL NAME
Personal name O'Dell, Andrew Charles,
Dates associated with a name 1909-
9 (RLIN) 158795
245 10 - TITLE STATEMENT
Title Railways and geography /
Statement of responsibility, etc. Andrew C. O'Dell.
250 ## - EDITION STATEMENT
Edition statement 2nd rev. ed.
260 ## - PUBLICATION, DISTRIBUTION, ETC. (IMPRINT)
Place of publication, distribution, etc. London,
Name of publisher, distributor, etc. Hutchinson,
Date of publication, distribution, etc. c1971
300 ## - PHYSICAL DESCRIPTION
Pagination 248 p. :
Illustrations ill. ;
Size 23 cm.
490 0# - SERIES STATEMENT
Series statement Hutchinson university library: Geography
500 ## - GENERAL NOTE
General note Label mounted on t.p.: New York, Hillary House Publishers.
504 ## - BIBLIOGRAPHY, ETC. NOTE
Bibliography, etc Includes index and Bibliography: p. [231]-241.
650 #0 - SUBJECT ADDED ENTRY--TOPICAL TERM
Topical term or geographic name as entry element Railroads.
9 (RLIN) 158796
700 1# - ADDED ENTRY--PERSONAL NAME
Personal name Richards, Peter S.
942 ## - ADDED ENTRY ELEMENTS (KOHA)
Source of classification or shelving scheme Dewey Decimal Classification
Koha item type Books
Holdings
Lost status Source of classification or shelving scheme Damaged status Not for loan Collection code Permanent Location Current Location Shelving location Date acquired Source of acquisition Cost, normal purchase price Total Checkouts Full call number Date last seen Copy number Koha item type
  Dewey Decimal Classification     Non-fiction Central Library, University of Rajshahi Central Library, University of Rajshahi   07/01/1975 Jonathon & sons 0.90   385 ODR 1971 03/10/2016 C-2 Books